[Event "Campeonato de España Femenino 2017"]
[Site "Linares"]
[Date "2017.08.24"]
[Round "6"]
[White "Redondo Arguelles, Graciela"]
[Black "Rodriguez Redondo, Adhara"]
[Result "1-0"]
[Board "8"]
[WhiteTitle "WFM"]
[WhiteElo "1997"]
[WhiteCountry "ESP"]
[WhiteFideId "2219824"]
[WhiteEloChange "3"]
[BlackElo "1726"]
[BlackCountry "ESP"]
[BlackFideId "32065698"]
[BlackEloChange "-3"]

1. e4 {[%clk 1:30:51]} e5 {[%clk 1:30:55]} 2. Nf3 {[%clk 1:31:07]} Nc6 {[%clk
1:31:19]} 3. d4 {[%clk 1:31:15]} exd4 {[%clk 1:31:34]} 4. Bc4 {[%clk 1:31:34]}
Nf6 {[%clk 1:31:37]} 5. e5 {[%clk 1:31:31]} d5 {[%clk 1:31:44]} 6. Bb5 {[%clk
1:31:52]} Ne4 {[%clk 1:32:03]} 7. Nxd4 {[%clk 1:32:11]} Bc5 {[%clk 1:31:53]} 8.
Bxc6+ {[%clk 1:23:00]} bxc6 {[%clk 1:32:07]} 9. Be3 {[%clk 1:23:10]} Bd7 {[%clk
1:30:45]} 10. O-O {[%clk 1:22:57]} O-O {[%clk 1:30:04]} 11. Qd3 {[%clk 1:17:27]}
f6 {[%clk 1:24:04]} 12. Nb3 {[%clk 1:05:08]} Bxe3 {[%clk 1:22:08]} 13. Qxe3
{[%clk 1:05:33]} fxe5 {[%clk 1:21:18]} 14. f3 {[%clk 1:05:56]} Qf6 {[%clk
1:19:28]} 15. Re1 {[%clk 1:01:51]} Nd6 {[%clk 1:18:48]} 16. Qxe5 {[%clk 0:58:23]}
Rae8 {[%clk 1:16:19]} 17. Qxf6 {[%clk 0:58:41]} Rxe1+ {[%clk 1:16:29]} 18. Kf2
{[%clk 0:59:09]} Rxf6 {[%clk 1:16:32]} 19. Kxe1 {[%clk 0:59:34]} Nc4 {[%clk
1:16:45]} 20. Na3 {[%clk 0:50:01]} Nxb2 {[%clk 1:08:31]} 21. Nc5 {[%clk 0:49:59]}
Bf5 {[%clk 1:07:26]} 22. Rb1 {[%clk 0:49:54]} Nc4 {[%clk 1:07:21]} 23. Nxc4
{[%clk 0:50:01]} dxc4 {[%clk 1:07:46]} 24. Kd2 {[%clk 0:49:05]} Rd6+ {[%clk
1:06:57]} 25. Kc3 {[%clk 0:48:32]} Rd5 {[%clk 1:06:00]} 26. Ne4 {[%clk 0:43:22]}
Ra5 {[%clk 1:02:28]} 27. Rb8+ {[%clk 0:38:13]} Kf7 {[%clk 1:02:42]} 28. Rb7
{[%clk 0:38:32]} Bxe4 {[%clk 0:49:15]} 29. fxe4 {[%clk 0:38:15]} c5 {[%clk
0:48:48]} 30. Rxc7+ {[%clk 0:36:37]} Kf6 {[%clk 0:49:07]} 31. e5+ {[%clk
0:23:44]} Kg6 {[%clk 0:46:17]} 32. e6 {[%clk 0:20:03]} h6 {[%clk 0:41:32]} 33. e7
{[%clk 0:13:12]} Kf7 {[%clk 0:41:51]} 34. e8Q+ {[%clk 0:13:35]} Kxe8 {[%clk
0:42:16]} 35. Rxg7 {[%clk 0:14:01]} Ra6 {[%clk 0:42:04]} 36. Rc7 {[%clk 0:14:06]}
Kf8 {[%clk 0:40:44]} 37. Rxc5 {[%clk 0:14:11]} Rxa2 {[%clk 0:40:20]} 38. Rxc4
{[%clk 0:14:25]} Kg7 {[%clk 0:39:29]} 39. Kb3 {[%clk 0:11:18]} Ra5 {[%clk
0:38:56]} 40. Ra4 {[%clk 0:09:54]} Rb5+ {[%clk 0:38:42]} 41. Kc4 {[%clk 0:10:16]}
Rb7 {[%clk 0:38:55]} 42. Kd5 {[%clk 0:10:14]} Kf6 {[%clk 0:38:49]} 43. Ra6+
{[%clk 0:08:11]} Kg5 {[%clk 0:38:53]} 44. c4 {[%clk 0:08:29]} Rd7+ {[%clk
0:36:57]} 45. Kc6 {[%clk 0:08:22]} Rg7 {[%clk 0:37:06]} 46. c5 {[%clk 0:07:54]}
Kf5 {[%clk 0:36:42]} 47. Ra2 {[%clk 0:07:32]} Ke5 {[%clk 0:36:19]} 48. Rd2 {[%clk
0:06:57]} Rg6+ {[%clk 0:33:19]} 49. Rd6 {[%clk 0:04:01]} Rxg2 {[%clk 0:33:25]}
50. Rxh6 {[%clk 0:04:27]} Rc2 {[%clk 0:31:03]} 51. Rh5+ {[%clk 0:03:28]} Kd4
{[%clk 0:29:55]} 52. Kd6 {[%clk 0:02:52]} Rg2 {[%clk 0:28:49]} 53. Rh4+ {[%clk
0:02:50]} Kc3 {[%clk 0:28:57]} 54. c6 {[%clk 0:02:57]} Rg6+ {[%clk 0:28:12]} 55.
Kc7 {[%clk 0:03:09]} Rg7+ {[%clk 0:27:30]} 56. Kb8 {[%clk 0:03:19]} Rg1 {[%clk
0:27:36]} 57. c7 {[%clk 0:02:36]} 1-0

[Event "Campeonato de España Femenino 2017"]
[Site "Linares"]
[Date "2017.08.24"]
[Round "6"]
[White "Ruiz de Leon Merlo, Esther"]
[Black "Vicens Company, Maria Antonia"]
[Result "1/2-1/2"]
[Board "9"]
[WhiteElo "1696"]
[WhiteCountry "ESP"]
[WhiteFideId "22274553"]
[WhiteEloChange "4"]
[BlackElo "1838"]
[BlackCountry "ESP"]
[BlackFideId "2280680"]
[BlackEloChange "-4"]

1. e4 {[%clk 1:30:57]} d5 {[%clk 1:30:31]} 2. exd5 {[%clk 1:31:07]} Nf6 {[%clk
1:30:51]} 3. Nc3 {[%clk 1:30:44]} Nxd5 {[%clk 1:31:09]} 4. Nxd5 {[%clk 1:30:11]}
Qxd5 {[%clk 1:31:30]} 5. Nf3 {[%clk 1:30:00]} Bg4 {[%clk 1:31:28]} 6. Be2 {[%clk
1:30:14]} e6 {[%clk 1:31:28]} 7. O-O {[%clk 1:30:05]} Bd6 {[%clk 1:29:44]} 8. d4
{[%clk 1:28:15]} Nc6 {[%clk 1:28:34]} 9. Be3 {[%clk 1:24:51]} Qh5 {[%clk
1:18:02]} 10. h3 {[%clk 1:16:23]} Bxh3 {[%clk 1:02:45]} 11. Ne5 {[%clk 1:14:39]}
Qh4 {[%clk 1:00:51]} 12. Nf3 {[%clk 1:12:28]} Qg4 {[%clk 1:00:24]} 13. Ne1 {[%clk
1:05:11]} Qg6 {[%clk 0:54:36]} 14. Bh5 {[%clk 0:57:31]} Qf5 {[%clk 0:53:43]} 15.
c4 {[%clk 0:53:17]} O-O-O {[%clk 0:51:40]} 16. Qe2 {[%clk 0:45:50]} g6 {[%clk
0:44:31]} 17. Bf3 {[%clk 0:45:06]} h5 {[%clk 0:38:05]} 18. Bxc6 {[%clk 0:42:21]}
bxc6 {[%clk 0:38:11]} 19. c5 {[%clk 0:39:20]} Be7 {[%clk 0:35:50]} 20. gxh3
{[%clk 0:37:47]} Qxh3 {[%clk 0:35:22]} 21. Qf3 {[%clk 0:37:05]} Qxf3 {[%clk
0:31:31]} 22. Nxf3 {[%clk 0:37:27]} f6 {[%clk 0:31:45]} 23. Rac1 {[%clk 0:33:20]}
g5 {[%clk 0:30:43]} 24. Rc3 {[%clk 0:32:48]} h4 {[%clk 0:30:36]} 25. Nh2 {[%clk
0:31:48]} g4 {[%clk 0:25:39]} 26. Ra3 {[%clk 0:26:33]} Rdg8 {[%clk 0:23:06]} 27.
Bf4 {[%clk 0:25:43]} e5 {[%clk 0:21:44]} 28. dxe5 {[%clk 0:23:13]} Bxc5 {[%clk
0:21:04]} 29. Rc3 {[%clk 0:23:04]} Bd4 {[%clk 0:20:59]} 30. Rc4 {[%clk 0:23:05]}
fxe5 {[%clk 0:21:03]} 31. Be3 {[%clk 0:21:38]} c5 {[%clk 0:19:53]} 32. Re1 {[%clk
0:17:55]} Rh5 {[%clk 0:17:38]} 33. Bxd4 {[%clk 0:15:05]} exd4 {[%clk 0:17:47]}
34. Rec1 {[%clk 0:14:04]} g3 {[%clk 0:14:32]} 35. Nf1 {[%clk 0:14:18]} gxf2+
{[%clk 0:13:28]} 36. Kxf2 {[%clk 0:14:40]} Rf5+ {[%clk 0:13:06]} 37. Ke2 {[%clk
0:13:40]} Rg2+ {[%clk 0:07:01]} 38. Kd3 {[%clk 0:13:58]} Rxb2 {[%clk 0:05:57]}
39. Rxc5 {[%clk 0:13:46]} Rf7 {[%clk 0:06:01]} 40. Rh5 {[%clk 0:11:16]} Rxa2
{[%clk 0:05:10]} 41. Rxh4 {[%clk 0:11:38]} Ra3+ {[%clk 0:05:31]} 42. Kd2 {[%clk
0:11:19]} Raf3 {[%clk 0:03:37]} 43. Rh1 {[%clk 0:10:28]} Kb7 {[%clk 0:02:48]} 44.
Rb1+ {[%clk 0:08:02]} Kc6 {[%clk 0:02:31]} 45. Rc1+ {[%clk 0:07:25]} Kb5 {[%clk
0:02:38]} 46. Rh5+ {[%clk 0:06:21]} Kb6 {[%clk 0:01:53]} 47. Rb1+ {[%clk
0:06:32]} Kc6 {[%clk 0:02:09]} 48. Rc1+ {[%clk 0:06:42]} Kd6 {[%clk 0:01:49]} 49.
Nh2 {[%clk 0:05:42]} Ra3 {[%clk 0:01:56]} 50. Rh6+ {[%clk 0:05:51]} Kd7 {[%clk
0:02:15]} 51. Ng4 {[%clk 0:05:26]} Rg7 {[%clk 0:00:55]} 52. Ne5+ {[%clk 0:04:14]}
Ke8 {[%clk 0:00:38]} 53. Rh8+ {[%clk 0:04:21]} Ke7 {[%clk 0:00:57]} 54. Rxc7+
{[%clk 0:04:43]} Kf6 {[%clk 0:00:45]} 55. Rf8+ {[%clk 0:04:48]} Kxe5 {[%clk
0:00:50]} 56. Rxg7 {[%clk 0:05:14]} Ra2+ {[%clk 0:00:40]} 57. Kc1 {[%clk
0:05:23]} a5 {[%clk 0:00:35]} 58. Rg5+ {[%clk 0:05:15]} Ke4 {[%clk 0:00:54]} 59.
Ra8 {[%clk 0:05:04]} d3 {[%clk 0:00:37]} 60. Raxa5 {[%clk 0:04:21]} Rh2 {[%clk
0:00:42]} 61. Rae5+ {[%clk 0:03:32]} Kd4 {[%clk 0:00:39]} 62. Re1 {[%clk
0:03:16]} d2+ {[%clk 0:00:32]} 63. Kd1 {[%clk 0:03:42]} dxe1Q+ {[%clk 0:00:39]}
64. Kxe1 {[%clk 0:04:08]} 1/2-1/2

[Event "Campeonato de España Femenino 2017"]
[Site "Linares"]
[Date "2017.08.24"]
[Round "6"]
[White "Guillo Longares, Cecilia"]
[Black "Acebal Muniz, Maria Concepcion"]
[Result "1-0"]
[Board "13"]
[WhiteElo "1899"]
[WhiteCountry "ESP"]
[WhiteFideId "32082681"]
[WhiteEloChange "2"]
[BlackElo "1220"]
[BlackCountry "ESP"]
[BlackFideId "2240491"]
[BlackEloChange "-2"]

1. d4 {[%clk 1:30:59]} Nf6 {[%clk 1:30:47]} 2. c4 {[%clk 1:31:25]} c5 {[%clk
1:30:58]} 3. d5 {[%clk 1:31:51]} b5 {[%clk 1:31:14]} 4. Qc2 {[%clk 1:32:18]} bxc4
{[%clk 1:31:02]} 5. e4 {[%clk 1:32:44]} e6 {[%clk 1:29:38]} 6. Bxc4 {[%clk
1:32:36]} exd5 {[%clk 1:29:06]} 7. exd5 {[%clk 1:32:32]} d6 {[%clk 1:29:09]} 8.
Ne2 {[%clk 1:32:13]} Be7 {[%clk 1:28:58]} 9. O-O {[%clk 1:32:02]} O-O {[%clk
1:29:11]} 10. Ng3 {[%clk 1:29:53]} Nbd7 {[%clk 1:27:34]} 11. Nc3 {[%clk 1:28:20]}
Ne5 {[%clk 1:24:32]} 12. Be2 {[%clk 1:27:37]} Re8 {[%clk 1:22:40]} 13. Nf5 {[%clk
1:22:40]} Bf8 {[%clk 1:21:11]} 14. Bf4 {[%clk 1:21:37]} g6 {[%clk 1:14:03]} 15.
Ne3 {[%clk 1:20:58]} Bg7 {[%clk 1:11:47]} 16. Bb5 {[%clk 1:17:11]} Bd7 {[%clk
1:09:31]} 17. Bxd7 {[%clk 1:11:21]} Qxd7 {[%clk 1:06:55]} 18. h3 {[%clk 1:10:05]}
Nh5 {[%clk 1:05:21]} 19. Bh2 {[%clk 1:10:29]} Qc7 {[%clk 1:01:26]} 20. Rfe1
{[%clk 1:08:35]} a6 {[%clk 0:58:20]} 21. Rad1 {[%clk 1:04:09]} Nf6 {[%clk
0:55:03]} 22. Na4 {[%clk 0:59:36]} Ned7 {[%clk 0:54:39]} 23. b4 {[%clk 0:53:04]}
Rec8 {[%clk 0:51:34]} 24. bxc5 {[%clk 0:50:50]} Nxc5 {[%clk 0:51:44]} 25. Rc1
{[%clk 0:50:24]} Qd8 {[%clk 0:49:37]} 26. Nxc5 {[%clk 0:40:58]} Rxc5 {[%clk
0:49:35]} 27. Qd3 {[%clk 0:40:55]} Rxc1 {[%clk 0:48:55]} 28. Rxc1 {[%clk
0:41:24]} Ne8 {[%clk 0:48:00]} 29. Rc6 {[%clk 0:38:34]} a5 {[%clk 0:47:31]} 30.
Nc4 {[%clk 0:38:16]} Bf8 {[%clk 0:47:53]} 31. Qa3 {[%clk 0:36:55]} a4 {[%clk
0:46:02]} 32. Bf4 {[%clk 0:32:57]} Qf6 {[%clk 0:42:35]} 33. Bg3 {[%clk 0:31:11]}
Qa1+ {[%clk 0:42:04]} 34. Kh2 {[%clk 0:31:37]} Qd1 {[%clk 0:42:24]} 35. Nb6
{[%clk 0:30:40]} Ra5 {[%clk 0:34:27]} 36. Rc8 {[%clk 0:24:53]} Qe1 {[%clk
0:33:04]} 37. Qe3 {[%clk 0:23:13]} Qxe3 {[%clk 0:30:23]} 38. fxe3 {[%clk
0:23:38]} Ra6 {[%clk 0:29:44]} 39. Nd7 {[%clk 0:23:38]} Bh6 {[%clk 0:27:45]} 40.
Nf6+ {[%clk 0:23:06]} Kg7 {[%clk 0:27:39]} 41. Nxe8+ {[%clk 0:23:31]} Kf8 {[%clk
0:27:46]} 42. Nc7+ {[%clk 0:23:58]} Kg7 {[%clk 0:27:49]} 43. Nxa6 {[%clk
0:24:25]} Bxe3 {[%clk 0:28:02]} 44. Bxd6 {[%clk 0:24:51]} Bd4 {[%clk 0:27:57]}
45. Nc7 {[%clk 0:23:46]} Bb2 {[%clk 0:27:25]} 46. Bf4 {[%clk 0:23:51]} g5 {[%clk
0:26:51]} 47. Bxg5 {[%clk 0:24:12]} h6 {[%clk 0:26:40]} 48. Ne8+ {[%clk 0:24:25]}
Kg6 {[%clk 0:27:00]} 49. Be7 {[%clk 0:24:48]} a3 {[%clk 0:26:57]} 50. g3 {[%clk
0:25:10]} f5 {[%clk 0:27:08]} 51. d6 {[%clk 0:25:23]} Bd4 {[%clk 0:27:08]} 52. d7
{[%clk 0:25:39]} Bb6 {[%clk 0:27:29]} 53. Nc7 {[%clk 0:25:55]} Bd4 {[%clk
0:27:29]} 54. d8Q {[%clk 0:26:19]} Bg7 {[%clk 0:27:30]} 55. Qe8+ {[%clk 0:26:27]}
Kh7 {[%clk 0:27:38]} 56. Qg8+ {[%clk 0:26:55]} Kg6 {[%clk 0:27:52]} 57. Qe6+
{[%clk 0:27:22]} Kh7 {[%clk 0:28:06]} 58. Qxf5# {[%clk 0:27:48]} 1-0

[Event "Campeonato de España Femenino 2017"]
[Site "Linares"]
[Date "2017.08.25"]
[Round "7"]
[White "Hernandez Estevez, Yudania"]
[Black "Prado Acebo, Ines"]
[Result "1-0"]
[Board "3"]
[WhiteTitle "WIM"]
[WhiteElo "2211"]
[WhiteCountry "ESP"]
[WhiteFideId "2219344"]
[WhiteEloChange "7"]
[BlackTitle "WFM"]
[BlackElo "2107"]
[BlackCountry "ESP"]
[BlackFideId "22251235"]
[BlackEloChange "-7"]

1. e4 {[%clk 1:30:58]} e6 {[%clk 1:30:53]} 2. d4 {[%clk 1:31:24]} d5 {[%clk
1:31:17]} 3. Nc3 {[%clk 1:31:48]} Bb4 {[%clk 1:31:41]} 4. Ne2 {[%clk 1:32:13]}
dxe4 {[%clk 1:32:02]} 5. a3 {[%clk 1:32:37]} Bxc3+ {[%clk 1:32:25]} 6. Nxc3
{[%clk 1:33:01]} Nc6 {[%clk 1:32:51]} 7. Bb5 {[%clk 1:29:52]} Ne7 {[%clk
1:33:11]} 8. Be3 {[%clk 1:29:16]} O-O {[%clk 1:22:16]} 9. Qd2 {[%clk 1:29:41]} a6
{[%clk 1:06:38]} 10. Bxc6 {[%clk 1:30:06]} Nxc6 {[%clk 1:07:05]} 11. O-O-O {[%clk
1:30:29]} e5 {[%clk 1:04:53]} 12. d5 {[%clk 1:17:32]} Ne7 {[%clk 1:04:44]} 13.
Nxe4 {[%clk 1:17:38]} Nf5 {[%clk 0:53:08]} 14. h3 {[%clk 1:06:48]} Nd6 {[%clk
0:51:18]} 15. Nc3 {[%clk 1:03:29]} Bf5 {[%clk 0:41:42]} 16. f3 {[%clk 0:55:28]}
Qd7 {[%clk 0:34:42]} 17. g4 {[%clk 0:54:21]} Bg6 {[%clk 0:35:08]} 18. h4 {[%clk
0:52:51]} f6 {[%clk 0:35:01]} 19. Bc5 {[%clk 0:47:17]} Rfd8 {[%clk 0:32:31]} 20.
Qe2 {[%clk 0:44:34]} Nb5 {[%clk 0:29:29]} 21. Ne4 {[%clk 0:42:33]} b6 {[%clk
0:29:37]} 22. Bf2 {[%clk 0:40:33]} Re8 {[%clk 0:23:51]} 23. g5 {[%clk 0:25:29]}
f5 {[%clk 0:23:04]} 24. h5 {[%clk 0:25:51]} Bf7 {[%clk 0:21:49]} 25. g6 {[%clk
0:25:36]} fxe4 {[%clk 0:18:46]} 26. gxf7+ {[%clk 0:24:50]} Qxf7 {[%clk 0:19:13]}
27. fxe4 {[%clk 0:24:29]} Qf4+ {[%clk 0:17:05]} 28. Kb1 {[%clk 0:24:42]} Rf8
{[%clk 0:16:42]} 29. Bh4 {[%clk 0:22:40]} Nd4 {[%clk 0:12:13]} 30. Qc4 {[%clk
0:19:16]} Nf3 {[%clk 0:08:34]} 31. Be1 {[%clk 0:17:47]} b5 {[%clk 0:06:04]} 32.
Qd3 {[%clk 0:15:14]} Rf6 {[%clk 0:04:13]} 33. Bc3 {[%clk 0:15:23]} Rd8 {[%clk
0:02:53]} 34. Bb4 {[%clk 0:14:08]} Rd7 {[%clk 0:02:22]} 35. Ka2 {[%clk 0:13:16]}
Qg4 {[%clk 0:01:30]} 36. c4 {[%clk 0:11:37]} c6 {[%clk 0:01:07]} 37. cxb5 {[%clk
0:10:36]} cxd5 {[%clk 0:00:40]} 38. bxa6 {[%clk 0:10:30]} Qe6 {[%clk 0:00:36]}
39. Qb5 {[%clk 0:09:56]} dxe4+ {[%clk 0:00:37]} 40. Ka1 {[%clk 0:09:02]} Rxd1+
{[%clk 0:00:36]} 41. Rxd1 {[%clk 0:09:27]} h6 {[%clk 0:00:48]} 42. a7 {[%clk
0:09:16]} Nd4 {[%clk 0:01:01]} 43. a8Q+ {[%clk 0:09:12]} 1-0

[Event "Campeonato de España Femenino 2017"]
[Site "Linares"]
[Date "2017.08.26"]
[Round "8"]
[White "Gavira Valencia, Gizela"]
[Black "Acebal Muniz, Maria Concepcion"]
[Result "1-0"]
[Board "12"]
[WhiteElo "1476"]
[WhiteCountry "ESP"]
[WhiteFideId "24519600"]
[WhiteEloChange "4"]
[BlackElo "1220"]
[BlackCountry "ESP"]
[BlackFideId "2240491"]
[BlackEloChange "-4"]

1. d4 {[%clk 1:30:57]} d5 {[%clk 1:30:30]} 2. e3 {[%clk 1:31:21]} Nf6 {[%clk
1:30:38]} 3. Bd3 {[%clk 1:31:39]} c5 {[%clk 1:30:13]} 4. c3 {[%clk 1:31:48]} Nc6
{[%clk 1:29:58]} 5. f4 {[%clk 1:31:57]} Bg4 {[%clk 1:28:24]} 6. Nf3 {[%clk
1:31:53]} e6 {[%clk 1:27:05]} 7. O-O {[%clk 1:32:11]} Bd6 {[%clk 1:25:59]} 8.
Nbd2 {[%clk 1:30:02]} cxd4 {[%clk 1:25:48]} 9. cxd4 {[%clk 1:30:21]} O-O {[%clk
1:25:44]} 10. h3 {[%clk 1:30:37]} Bf5 {[%clk 1:24:32]} 11. Bxf5 {[%clk 1:30:39]}
exf5 {[%clk 1:24:54]} 12. Ne5 {[%clk 1:30:51]} Re8 {[%clk 1:18:21]} 13. a3 {[%clk
1:29:23]} Nd7 {[%clk 1:16:26]} 14. Ndf3 {[%clk 1:29:19]} Rc8 {[%clk 1:14:54]} 15.
Bd2 {[%clk 1:29:26]} Nf6 {[%clk 1:10:39]} 16. Rc1 {[%clk 1:22:51]} Ne4 {[%clk
1:06:35]} 17. Be1 {[%clk 1:22:43]} f6 {[%clk 1:05:18]} 18. Nd3 {[%clk 1:16:10]}
Bc7 {[%clk 1:00:53]} 19. Nh4 {[%clk 1:07:42]} Nd6 {[%clk 0:57:29]} 20. Qf3 {[%clk
1:02:42]} Ne7 {[%clk 0:56:20]} 21. Nb4 {[%clk 0:55:30]} Ne4 {[%clk 0:52:11]} 22.
g3 {[%clk 0:49:10]} Bb6 {[%clk 0:49:29]} 23. Rxc8 {[%clk 0:46:33]} Qxc8 {[%clk
0:49:53]} 24. Qd1 {[%clk 0:41:56]} Qe6 {[%clk 0:47:25]} 25. Kh2 {[%clk 0:37:11]}
Kh8 {[%clk 0:45:54]} 26. Na2 {[%clk 0:35:03]} Ng8 {[%clk 0:45:35]} 27. Bb4 {[%clk
0:33:21]} a5 {[%clk 0:43:36]} 28. Qh5 {[%clk 0:31:02]} Nh6 {[%clk 0:38:17]} 29.
Be1 {[%clk 0:26:44]} Re7 {[%clk 0:36:31]} 30. b4 {[%clk 0:24:27]} a4 {[%clk
0:33:41]} 31. b5 {[%clk 0:22:11]} Nd6 {[%clk 0:33:26]} 32. Bb4 {[%clk 0:21:14]}
Rd7 {[%clk 0:32:06]} 33. Rc1 {[%clk 0:20:39]} Qxe3 {[%clk 0:29:16]} 34. Bxd6
{[%clk 0:19:59]} Rxd6 {[%clk 0:27:47]} 35. Rc2 {[%clk 0:16:18]} Rd8 {[%clk
0:27:10]} 36. Re2 {[%clk 0:15:58]} Ng4+ {[%clk 0:23:04]} 37. Qxg4 {[%clk
0:14:45]} fxg4 {[%clk 0:22:19]} 38. Rxe3 {[%clk 0:14:55]} Bxd4 {[%clk 0:21:57]}
39. Rd3 {[%clk 0:15:01]} Bc5 {[%clk 0:20:25]} 40. hxg4 {[%clk 0:15:14]} b6 {[%clk
0:20:37]} 41. Nc3 {[%clk 0:14:42]} Bxa3 {[%clk 0:20:19]} 42. Nxa4 {[%clk
0:14:47]} Bc5 {[%clk 0:20:10]} 43. g5 {[%clk 0:13:57]} fxg5 {[%clk 0:20:12]} 44.
fxg5 {[%clk 0:14:20]} Bf2 {[%clk 0:20:19]} 45. Kg2 {[%clk 0:14:23]} Bc5 {[%clk
0:20:08]} 46. Nf5 {[%clk 0:12:44]} Kg8 {[%clk 0:19:34]} 47. Nxc5 {[%clk 0:12:43]}
bxc5 {[%clk 0:19:51]} 48. Ne7+ {[%clk 0:12:39]} Kf7 {[%clk 0:19:57]} 49. Nc6
{[%clk 0:12:35]} Rd6 {[%clk 0:19:48]} 50. Kf3 {[%clk 0:11:53]} c4 {[%clk
0:19:53]} 51. Rd4 {[%clk 0:10:36]} Ke6 {[%clk 0:19:54]} 52. Rh4 {[%clk 0:09:51]}
d4 {[%clk 0:19:33]} 53. Re4+ {[%clk 0:09:55]} Kd5 {[%clk 0:17:42]} 54. Rxd4+
{[%clk 0:10:01]} Kc5 {[%clk 0:18:03]} 55. Rxd6 {[%clk 0:10:15]} Kxd6 {[%clk
0:18:17]} 56. Nd4 {[%clk 0:09:21]} Kc5 {[%clk 0:18:36]} 57. Ke3 {[%clk 0:09:30]}
Kb6 {[%clk 0:18:51]} 58. Kd2 {[%clk 0:09:46]} Kc5 {[%clk 0:18:51]} 59. Kc3 {[%clk
0:09:54]} h5 {[%clk 0:18:42]} 60. gxh6 {[%clk 0:10:13]} gxh6 {[%clk 0:19:02]} 61.
g4 {[%clk 0:10:19]} Kd5 {[%clk 0:19:08]} 62. b6 {[%clk 0:10:41]} Kc5 {[%clk
0:19:09]} 63. b7 {[%clk 0:11:04]} Kd5 {[%clk 0:19:28]} 64. b8Q {[%clk 0:11:19]}
Ke4 {[%clk 0:19:51]} 65. Kxc4 {[%clk 0:11:21]} Ke3 {[%clk 0:20:06]} 66. Qe5+
{[%clk 0:11:37]} Kf2 {[%clk 0:20:14]} 67. Kd3 {[%clk 0:11:13]} Kg2 {[%clk
0:20:27]} 68. Qe3 {[%clk 0:11:14]} h5 {[%clk 0:20:48]} 69. Qf3+ {[%clk 0:11:23]}
Kh2 {[%clk 0:20:59]} 70. Ne2 {[%clk 0:09:51]} hxg4 {[%clk 0:21:01]} 71. Qg3+
{[%clk 0:10:17]} Kh1 {[%clk 0:21:07]} 72. Qg1# {[%clk 0:10:45]} 1-0

[Event "Campeonato de España Femenino 2017"]
[Site "Linares"]
[Date "2017.08.27"]
[Round "9"]
[White "Beltran Ortiz, Edda Georgina"]
[Black "Sosa Suarez, Carla Cristina"]
[Result "1-0"]
[Board "6"]
[WhiteElo "1906"]
[WhiteCountry "ESP"]
[WhiteFideId "2257807"]
[WhiteEloChange "10"]
[BlackElo "1911"]
[BlackCountry "ESP"]
[BlackFideId "24536350"]
[BlackEloChange "-10"]

1. e4 {[%clk 1:26:51]} e6 {[%clk 1:30:56]} 2. d4 {[%clk 1:26:46]} d5 {[%clk
1:31:22]} 3. Nc3 {[%clk 1:27:03]} Be7 {[%clk 1:31:47]} 4. exd5 {[%clk 1:24:24]}
exd5 {[%clk 1:32:13]} 5. Bd3 {[%clk 1:23:15]} Nc6 {[%clk 1:27:14]} 6. Nf3 {[%clk
1:20:11]} Nf6 {[%clk 1:22:56]} 7. O-O {[%clk 1:15:47]} O-O {[%clk 1:21:16]} 8. h3
{[%clk 1:11:32]} Nb4 {[%clk 1:17:14]} 9. Re1 {[%clk 1:03:39]} c6 {[%clk 1:14:13]}
10. Bf1 {[%clk 0:57:43]} Bf5 {[%clk 1:11:46]} 11. Re2 {[%clk 0:57:25]} h6 {[%clk
1:10:08]} 12. a3 {[%clk 0:55:09]} Na6 {[%clk 1:10:31]} 13. Bf4 {[%clk 0:47:52]}
Nc7 {[%clk 1:07:12]} 14. Qd2 {[%clk 0:45:02]} Ne6 {[%clk 1:05:08]} 15. Bh2 {[%clk
0:44:52]} Bh7 {[%clk 1:03:12]} 16. Rae1 {[%clk 0:43:37]} Ne4 {[%clk 0:57:13]} 17.
Qc1 {[%clk 0:41:56]} Nxc3 {[%clk 0:46:08]} 18. bxc3 {[%clk 0:42:22]} Qa5 {[%clk
0:45:50]} 19. Qb2 {[%clk 0:38:35]} Qb6 {[%clk 0:38:53]} 20. Qa2 {[%clk 0:36:18]}
Qa5 {[%clk 0:38:12]} 21. Qb3 {[%clk 0:36:21]} b5 {[%clk 0:36:54]} 22. Ne5 {[%clk
0:35:55]} Rfc8 {[%clk 0:36:32]} 23. Nxf7 {[%clk 0:34:22]} Kxf7 {[%clk 0:33:49]}
24. Rxe6 {[%clk 0:34:21]} Bxa3 {[%clk 0:32:12]} 25. Rxc6 {[%clk 0:33:06]} b4
{[%clk 0:29:38]} 26. Ra6 {[%clk 0:30:24]} Qd8 {[%clk 0:25:52]} 27. cxb4 {[%clk
0:29:13]} Bxc2 {[%clk 0:23:22]} 28. Qxa3 {[%clk 0:29:02]} Be4 {[%clk 0:22:30]}
29. Rxa7+ {[%clk 0:27:11]} Kg8 {[%clk 0:22:33]} 30. Ra1 {[%clk 0:26:18]} Rxa7
{[%clk 0:22:14]} 31. Qxa7 {[%clk 0:26:45]} Qf6 {[%clk 0:21:58]} 32. Be5 {[%clk
0:26:49]} Qg6 {[%clk 0:22:14]} 33. Qa6 {[%clk 0:25:49]} Qxa6 {[%clk 0:22:11]} 34.
Rxa6 {[%clk 0:26:16]} Rc1 {[%clk 0:22:00]} 35. Ra3 {[%clk 0:20:15]} Rb1 {[%clk
0:21:33]} 36. b5 {[%clk 0:19:36]} Bc2 {[%clk 0:21:33]} 37. Bc7 {[%clk 0:18:41]}
Bb3 {[%clk 0:21:55]} 38. Rxb3 {[%clk 0:17:25]} Rxb3 {[%clk 0:22:20]} 39. b6
{[%clk 0:17:44]} Rb1 {[%clk 0:22:27]} 40. Kh2 {[%clk 0:16:33]} Rxf1 {[%clk
0:21:48]} 41. b7 {[%clk 0:16:51]} Rb1 {[%clk 0:22:13]} 42. b8Q+ {[%clk 0:17:10]}
Rxb8 {[%clk 0:22:35]} 43. Bxb8 {[%clk 0:17:31]} Kf7 {[%clk 0:22:54]} 44. Kg3
{[%clk 0:16:04]} g6 {[%clk 0:22:33]} 45. Kf4 {[%clk 0:15:56]} Ke6 {[%clk
0:22:29]} 46. h4 {[%clk 0:16:03]} Kf6 {[%clk 0:22:42]} 47. Be5+ {[%clk 0:15:53]}
Kf7 {[%clk 0:22:38]} 48. Bh8 {[%clk 0:16:01]} Ke6 {[%clk 0:23:01]} 49. Bg7 {[%clk
0:16:18]} h5 {[%clk 0:23:26]} 50. Kg5 {[%clk 0:15:02]} Kf7 {[%clk 0:23:52]} 51.
Bf6 {[%clk 0:15:08]} 1-0